[Event "Schach Nienberge 1 - SF Beelen 1"]
[Site "Regionalliga 2017/2018"]
[Date "2017.09.02"]
[Round "1.1"]
[White "Henke, Wolfgang"]
[Black "Remmeke, Hans"]
[Result "1/2-1/2"]
[WhiteElo "1792"]
[BlackElo "2124"]
[PlyCount "46"]
[EventDate "2017.??.??"]
[SourceTitle "Verband Muensterland"]
[SourceDate "2017.09.15"]
[SourceVersion "1"]
[SourceVersionDate "2017.09.15"]
[SourceQuality "1"]

1. e4 e5 2. f4 exf4 3. Nf3 Ne7 4. d4 d5 5. Nc3 dxe4 6. Nxe4 Nd5 7. Bc4 Be7 8.
O-O Be6 9. Nc5 Bxc5 10. dxc5 Qe7 11. Qd4 Nc6 12. Bb5 O-O 13. Bxc6 bxc6 14. Ne5
Qe8 15. Bxf4 Nxf4 16. Qxf4 f6 17. Nd3 Qf7 18. b3 Rfd8 19. Rf2 Rd5 20. Raf1 Bf5
21. Qc4 Bxd3 22. cxd3 Rad8 23. Rf3 h6 1/2-1/2

[Event "Schach Nienberge 1 - SF Beelen 1"]
[Site "Regionalliga 2017/2018"]
[Date "2017.09.02"]
[Round "1.2"]
[White "Ringwelski, Marius"]
[Black "Hofene, Dieter"]
[Result "1-0"]
[WhiteElo "1978"]
[BlackElo "2007"]
[PlyCount "95"]
[EventDate "2017.??.??"]
[SourceTitle "Verband Muensterland"]
[SourceDate "2017.09.15"]
[SourceVersion "1"]
[SourceVersionDate "2017.09.15"]
[SourceQuality "1"]

1. d4 e6 2. c4 Nf6 3. Nf3 Bb4+ 4. Bd2 Qe7 5. Nc3 O-O 6. g3 d6 7. a3 Bxc3 8.
Bxc3 Ne4 9. Qc2 Nxc3 10. Qxc3 Nc6 11. Bg2 e5 12. d5 Nb8 13. c5 Bg4 14. cxd6
cxd6 15. Rc1 Na6 16. O-O Rac8 17. Qe3 Bxf3 18. exf3 Ra8 19. Rfe1 Qd7 20. f4
Rfe8 21. fxe5 Rxe5 22. Qd4 Qe7 23. Rxe5 dxe5 24. d6 Qe6 25. Qd5 Rd8 26. Qxb7
Qxd6 27. Qxa7 Qd2 28. Rc6 Nb8 29. Rc7 Qxb2 30. Bd5 Qa1+ 31. Kg2 e4 32. Bxe4 Qe5
33. Bf3 Qd6 34. h3 g6 35. Qb7 Nd7 36. Rc8 Rf8 37. Bg4 f5 38. Bf3 Nf6 39. Rc7
Rd8 40. a4 Kf8 41. a5 g5 42. Rc6 Qe5 43. Qb4+ Kg7 44. Rc5 Qe6 45. g4 fxg4 46.
hxg4 h6 47. Rc6 Qa2 48. Qe7+ 1-0

[Event "Schach Nienberge 1 - SF Beelen 1"]
[Site "Regionalliga 2017/2018"]
[Date "2017.09.02"]
[Round "1.3"]
[White "Hanewinkel, Winfried"]
[Black "Gottkehaskamp, Philipp"]
[Result "0-1"]
[WhiteElo "1910"]
[BlackElo "1972"]
[PlyCount "62"]
[EventDate "2017.??.??"]
[SourceTitle "Verband Muensterland"]
[SourceDate "2017.09.15"]
[SourceVersion "1"]
[SourceVersionDate "2017.09.15"]
[SourceQuality "1"]

1. d4 Nf6 2. c4 g6 3. Nc3 Bg7 4. Bg5 d6 5. Nf3 O-O 6. e3 Na6 7. Be2 c5 8. O-O
h6 9. Bh4 g5 10. Bg3 Bf5 11. d5 Qb6 12. Qd2 Ne4 13. Nxe4 Bxe4 14. Bd3 Bxd3 15.
Qxd3 Qxb2 16. Rab1 Qxa2 17. Rxb7 Nb4 18. Qe4 Bf6 19. h4 Qc2 20. Rxe7 Bxe7 21.
Qxe7 g4 22. Nh2 Qxc4 23. e4 Rfe8 24. Qxd6 Rxe4 25. Qxh6 Qxd5 26. f3 Re6 27. Qf4
Qd4+ 28. Qxd4 cxd4 29. Nxg4 a5 30. Rd1 a4 31. Bf2 Nc2 0-1

[Event "Schach Nienberge 1 - SF Beelen 1"]
[Site "Regionalliga 2017/2018"]
[Date "2017.09.02"]
[Round "1.4"]
[White "Gottkehaskamp, Stefan"]
[Black "Cigelski, Rudolf"]
[Result "1-0"]
[WhiteElo "1971"]
[BlackElo "1836"]
[PlyCount "67"]
[EventDate "2017.??.??"]
[SourceTitle "Verband Muensterland"]
[SourceDate "2017.09.15"]
[SourceVersion "1"]
[SourceVersionDate "2017.09.15"]
[SourceQuality "1"]

1. d4 Nc6 2. d5 Ne5 3. f4 Ng6 4. e4 e6 5. dxe6 fxe6 6. Nf3 Bc5 7. Nc3 Nf6 8. e5
Ng4 9. Ne4 Bb6 10. Nfg5 Ne3 11. Bxe3 Bxe3 12. g3 Qe7 13. a3 a5 14. Bd3 Nf8 15.
Nf6+ Kd8 16. Nfxh7 b5 17. Qf3 Nxh7 18. Nxh7 Bb6 19. Qxa8 c6 20. Ng5 Kc7 21. Ne4
g5 22. O-O-O gxf4 23. gxf4 Qh4 24. Nd6 Qxf4+ 25. Kb1 Qxe5 26. Nf7 Qg7 27. Nxh8
Qxh8 28. h4 Qh5 29. Rdf1 Bb7 30. Qg8 c5 31. Qg3+ e5 32. Rf5 Qxf5 33. Bxf5 Bxh1
34. Qxe5+ 1-0

[Event "Schach Nienberge 1 - SF Beelen 1"]
[Site "Regionalliga 2017/2018"]
[Date "2017.09.02"]
[Round "1.5"]
[White "Hofene, Josef"]
[Black "Althoff, Franz"]
[Result "0-1"]
[WhiteElo "1757"]
[BlackElo "1974"]
[PlyCount "72"]
[EventDate "2017.??.??"]
[SourceTitle "Verband Muensterland"]
[SourceDate "2017.09.15"]
[SourceVersion "1"]
[SourceVersionDate "2017.09.15"]
[SourceQuality "1"]

1. e4 c5 2. Nf3 Nc6 3. Nc3 d6 4. Bc4 e6 5. a3 Nf6 6. d3 d5 7. exd5 exd5 8. Ba2
Be7 9. h3 O-O 10. O-O Bf5 11. Bf4 Rc8 12. Qd2 Qd7 13. Kh2 d4 14. Ne2 Nd5 15.
Bg3 Bf6 16. Rae1 Be6 17. Ng5 Bf5 18. Ne4 Be7 19. Nf4 Nxf4 20. Bxf4 Be6 21. Bxe6
fxe6 22. Bg3 Rf5 23. Re2 h5 24. f3 Ne5 25. Bxe5 Rxe5 26. Rfe1 Rf8 27. Kh1 Bh4
28. g3 Be7 29. f4 Ref5 30. h4 e5 31. fxe5 Rf3 32. e6 Qd5 33. Kh2 Qf5 34. Ng5
Bxg5 35. Qxg5 Rf2+ 36. Kg1 Rxe2 0-1

[Event "Schach Nienberge 1 - SF Beelen 1"]
[Site "Regionalliga 2017/2018"]
[Date "2017.09.02"]
[Round "1.6"]
[White "Haas, Kai Markus"]
[Black "Hanewinkel, Martin"]
[Result "1-0"]
[WhiteElo "1927"]
[BlackElo "1833"]
[PlyCount "77"]
[EventDate "2017.??.??"]
[SourceTitle "Verband Muensterland"]
[SourceDate "2017.09.15"]
[SourceVersion "1"]
[SourceVersionDate "2017.09.15"]
[SourceQuality "1"]

1. e4 c5 2. Ne2 e6 3. d4 cxd4 4. Nxd4 a6 5. c4 Nf6 6. f3 Qc7 7. Nc3 Nc6 8. Be3
Be7 9. Qd2 b6 10. Be2 Bb7 11. O-O h5 12. Nc2 d6 13. Rac1 Ne5 14. b3 Nfd7 15.
Rfd1 Rg8 16. f4 Ng4 17. Bxg4 hxg4 18. Qe2 Bf6 19. Nd4 Nc5 20. Bf2 g5 21. f5 Be5
22. b4 Bf4 23. Rc2 O-O-O 24. bxc5 dxc5 25. Nb3 Bxh2+ 26. Kf1 Qf4 27. Rxd8+ Rxd8
28. Qe3 exf5 29. Qxf4 gxf4 30. exf5 Bc6 31. Rd2 Re8 32. Nd5 Kb7 33. Re2 Rd8 34.
Re7+ Kb8 35. Nxb6 f3 36. gxf3 Bxf3 37. Nd7+ Kc8 38. Nbxc5 Bd6 39. Nb6+ 1-0

[Event "Schach Nienberge 1 - SF Beelen 1"]
[Site "Regionalliga 2017/2018"]
[Date "2017.09.02"]
[Round "1.7"]
[White "Fartmann, Franz-Josef"]
[Black "Keller, Dirk"]
[Result "1/2-1/2"]
[WhiteElo "1805"]
[BlackElo "1899"]
[PlyCount "54"]
[EventDate "2017.??.??"]
[SourceTitle "Verband Muensterland"]
[SourceDate "2017.09.15"]
[SourceVersion "1"]
[SourceVersionDate "2017.09.15"]
[SourceQuality "1"]

1. b3 e5 2. Bb2 d6 3. e3 Nc6 4. Be2 g6 5. d3 Bg7 6. c4 f5 7. Nd2 Nge7 8. a3 a5
9. Qc2 O-O 10. Ngf3 h6 11. h4 Bd7 12. Rd1 Qe8 13. e4 f4 14. Qc1 Nd4 15. c5 Nec6
16. cxd6 cxd6 17. Bxd4 exd4 18. Nc4 Qe7 19. Nb6 Rad8 20. Nxd7 Qxd7 21. Qc4+ d5
22. exd5 Ne5 23. Nxe5 Bxe5 24. d6+ Kg7 25. Qd5 Qxd6 26. Qxb7+ Rf7 27. Qb5 Rb8
1/2-1/2

[Event "Schach Nienberge 1 - SF Beelen 1"]
[Site "Regionalliga 2017/2018"]
[Date "2017.09.02"]
[Round "1.8"]
[White "Kemper, Georg"]
[Black "Austermann, Reinhold"]
[Result "1-0"]
[WhiteElo "1924"]
[BlackElo "1766"]
[PlyCount "105"]
[EventDate "2017.??.??"]
[SourceTitle "Verband Muensterland"]
[SourceDate "2017.09.15"]
[SourceVersion "1"]
[SourceVersionDate "2017.09.15"]
[SourceQuality "1"]

1. d4 d5 2. c4 e6 3. g3 c6 4. Bg2 f5 5. Nh3 Nf6 6. O-O Bd6 7. Bf4 O-O 8. Nd2
Qe7 9. Nf3 dxc4 10. Bxd6 Qxd6 11. Ne5 Nbd7 12. Nxc4 Qe7 13. Nf4 Nd5 14. Nd3
N7f6 15. e3 Bd7 16. Nce5 Be8 17. a3 Bh5 18. Qc2 Nd7 19. b4 Rac8 20. Qb3 Nxe5
21. Nxe5 Nf6 22. Rfe1 Nd7 23. Nd3 Bf7 24. Qb2 b6 25. Rec1 Qd6 26. Qc3 Nb8 27.
Rc2 Rfd8 28. Rac1 Be8 29. Qb3 Kf8 30. Ne5 a6 31. a4 g6 32. Nc4 Qc7 33. a5 bxa5
34. Nxa5 Ke7 35. Qc4 Qb6 36. Qc5+ Qxc5 37. bxc5 e5 38. dxe5 Bf7 39. Rb2 Bd5 40.
Bxd5 Rxd5 41. Rxb8 Rxb8 42. Nxc6+ Kd7 43. Nxb8+ Kc8 44. Nxa6 Rxe5 45. Rb1 Re6
46. Rb8+ Kd7 47. Rb7+ Kc8 48. Ra7 Rc6 49. Kf1 h6 50. Ke2 g5 51. Kd3 Re6 52. Kd4
Re4+ 53. Kd5 1-0

[Event "SK Bocholt 1 - SC Klein-Berlin Rheine 1"]
[Site "Regionalliga 2017/2018"]
[Date "2017.09.02"]
[Round "1.1"]
[White "Brümmer, Frank"]
[Black "Fuest, Martin"]
[Result "1/2-1/2"]
[WhiteElo "2160"]
[BlackElo "2140"]
[PlyCount "36"]
[EventDate "2017.??.??"]
[SourceTitle "Verband Muensterland"]
[SourceDate "2017.09.15"]
[SourceVersion "1"]
[SourceVersionDate "2017.09.15"]
[SourceQuality "1"]

1. d4 d5 2. c4 e6 3. Nc3 Nf6 4. cxd5 exd5 5. Bg5 c6 6. Qc2 Be7 7. e3 Nbd7 8.
Bd3 h6 9. Bh4 b6 10. Nge2 Bb7 11. O-O O-O 12. f3 c5 13. Bf2 Re8 14. Ng3 Bf8 15.
a4 a6 16. Rad1 cxd4 17. exd4 Rc8 18. Rfe1 Rc6 1/2-1/2

[Event "SK Bocholt 1 - SC Klein-Berlin Rheine 1"]
[Site "Regionalliga 2017/2018"]
[Date "2017.09.02"]
[Round "1.2"]
[White "Liesmann, Karsten"]
[Black "Ottens, Stephan"]
[Result "1/2-1/2"]
[WhiteElo "1998"]
[BlackElo "2116"]
[PlyCount "57"]
[EventDate "2017.??.??"]
[SourceTitle "Verband Muensterland"]
[SourceDate "2017.09.15"]
[SourceVersion "1"]
[SourceVersionDate "2017.09.15"]
[SourceQuality "1"]

1. d4 Nf6 2. Nf3 c5 3. e3 g6 4. Be2 Bg7 5. O-O O-O 6. b3 b6 7. Bb2 Ne4 8. Nbd2
Bb7 9. Nxe4 Bxe4 10. Nd2 Bb7 11. Nc4 b5 12. Ne5 d6 13. Nf3 a6 14. c4 bxc4 15.
Bxc4 Nc6 16. Qd2 cxd4 17. exd4 d5 18. Be2 Qb6 19. Rfd1 a5 20. Ne5 Nxe5 21. dxe5
Rfc8 22. Rac1 e6 23. Bd4 Qd8 24. Qe3 Rxc1 25. Rxc1 Rc8 26. Rxc8 Qxc8 27. Qc3
Qd8 28. Qe3 Bf8 29. g3 1/2-1/2

[Event "SK Bocholt 1 - SC Klein-Berlin Rheine 1"]
[Site "Regionalliga 2017/2018"]
[Date "2017.09.02"]
[Round "1.3"]
[White "Henneberger, Sven"]
[Black "Hunhoff, Sebastian"]
[Result "1/2-1/2"]
[WhiteElo "2061"]
[BlackElo "1951"]
[PlyCount "163"]
[EventDate "2017.??.??"]
[SourceTitle "Verband Muensterland"]
[SourceDate "2017.09.15"]
[SourceVersion "1"]
[SourceVersionDate "2017.09.15"]
[SourceQuality "1"]

1. Nf3 Nf6 2. g3 e6 3. Bg2 d5 4. d3 c5 5. O-O Nc6 6. Nbd2 Be7 7. e4 O-O 8. exd5
exd5 9. d4 Bg4 10. dxc5 Bxc5 11. Nb3 Bb6 12. h3 Bh5 13. c3 Ne4 14. g4 Bg6 15.
Nbd4 Qd6 16. Be3 a6 17. Nxc6 Bxe3 18. Ncd4 Bf4 19. Ne2 Rad8 20. Qd4 f5 21. Nxf4
Qxf4 22. Ne5 fxg4 23. hxg4 Be8 24. Nd3 Qd6 25. f3 Nf6 26. Rfe1 Bc6 27. Re2 Rfe8
28. Rae1 Rxe2 29. Rxe2 Re8 30. Rxe8+ Nxe8 31. Nb4 Nf6 32. a3 Qg3 33. Qf2 Qf4
34. Nd3 Qd6 35. Nb4 Qf4 36. Nxc6 bxc6 37. Qb6 Qc1+ 38. Bf1 a5 39. Kf2 a4 40.
Be2 Qf4 41. Kg2 Qd2 42. Kf2 Qf4 43. Ke1 Qc1+ 44. Bd1 h6 45. Qf2 Qf4 46. Qd4 Qc1
47. Qd2 Qb1 48. Ke2 Nd7 49. Bxa4 Ne5 50. Bxc6 Nxc6 51. Qxd5+ Kh8 52. Qxc6 Qxb2+
53. Kd3 Qxa3 54. Kd4 Qa7+ 55. Kd5 Qf7+ 56. Kd6 Qf6+ 57. Kd7 Qf7+ 58. Kd8 g6 59.
c4 h5 60. gxh5 gxh5 61. Qe4 Qf6+ 62. Kd7 h4 63. c5 h3 64. c6 h2 65. c7 Qf7+ 66.
Kc6 Qf6+ 67. Kd7 Qf7+ 68. Kd6 Qf8+ 69. Qe7 Qh6+ 70. Qe6 Qf8+ 71. Qe7 Qh6+ 72.
Kd7 Qh3+ 73. Qe6 Qh7+ 74. Kd6 Qd3+ 75. Qd5 Qg6+ 76. Kd7 Qg7+ 77. Kc6 Qf6+ 78.
Kc5 Qf8+ 79. Qd6 Qf5+ 80. Qd5 Qf8+ 81. Qd6 Qf5+ 82. Qd5 1/2-1/2

[Event "SK Bocholt 1 - SC Klein-Berlin Rheine 1"]
[Site "Regionalliga 2017/2018"]
[Date "2017.09.02"]
[Round "1.4"]
[White "Naumann, Felix"]
[Black "Brümmer, Andreas"]
[Result "1-0"]
[WhiteElo "1882"]
[BlackElo "1935"]
[PlyCount "83"]
[EventDate "2017.??.??"]
[SourceTitle "Verband Muensterland"]
[SourceDate "2017.09.15"]
[SourceVersion "1"]
[SourceVersionDate "2017.09.15"]
[SourceQuality "1"]

1. d4 f5 2. Nf3 Nf6 3. Bf4 d6 4. e3 h6 5. c4 g5 6. Bg3 Bg7 7. Nc3 e6 8. Bd3 O-O
9. Qc2 Nc6 10. a3 a6 11. O-O Qe8 12. Rfd1 Nh5 13. d5 Ne7 14. dxe6 Bxe6 15. Nd5
Qd7 16. Nxe7+ Qxe7 17. Rac1 Rad8 18. Be2 c5 19. Rd2 Nxg3 20. hxg3 Bd7 21. Rcd1
Bc6 22. Bd3 Qf6 23. e4 f4 24. e5 dxe5 25. Nxe5 Rxd3 26. Nxd3 fxg3 27. Nxc5
gxf2+ 28. Rxf2 Qxf2+ 29. Qxf2 Rxf2 30. Kxf2 Bxb2 31. Rd3 Kf7 32. Nxb7 Bxb7 33.
Rd7+ Ke6 34. Rxb7 Bxa3 35. Rb6+ Ke5 36. Rxa6 Bc5+ 37. Kg3 h5 38. Rh6 h4+ 39.
Kg4 Be3 40. Rg6 Kd4 41. Rxg5 Kxc4 42. Rf5 1-0

[Event "SK Bocholt 1 - SC Klein-Berlin Rheine 1"]
[Site "Regionalliga 2017/2018"]
[Date "2017.09.02"]
[Round "1.5"]
[White "Langhans, Jörg"]
[Black "Steiner, Karl"]
[Result "1/2-1/2"]
[WhiteElo "1937"]
[BlackElo "1926"]
[PlyCount "101"]
[EventDate "2017.??.??"]
[SourceTitle "Verband Muensterland"]
[SourceDate "2017.09.15"]
[SourceVersion "1"]
[SourceVersionDate "2017.09.15"]
[SourceQuality "1"]

1. e4 e5 2. Nf3 Nc6 3. Nc3 Nf6 4. Bb5 Nd4 5. Bc4 Nxf3+ 6. Qxf3 d6 7. h3 Be7 8.
d3 Be6 9. Bxe6 fxe6 10. O-O O-O 11. Qe2 Qe8 12. Be3 Nh5 13. Qg4 Rf6 14. Bg5 Rg6
15. Qxh5 Bxg5 16. Ne2 Qf7 17. h4 Be7 18. Kh1 Bxh4 19. f4 Bf2 20. Rxf2 Rh6 21.
Qxh6 gxh6 22. Kg1 Rf8 23. Raf1 Qh5 24. g4 Qh4 25. Rh2 Qf6 26. f5 Kh8 27. Rf3
Rg8 28. Rg2 h5 29. gxh5 Rxg2+ 30. Kxg2 exf5 31. exf5 Kg7 32. Ng3 d5 33. c3 Kf8
34. Rf1 Qa6 35. Re1 Qxa2 36. Re2 e4 37. dxe4 dxe4 38. Kh3 e3 39. Kg4 a5 40. Kf3
a4 41. Kxe3 a3 42. bxa3 Qxa3 43. Ne4 Qc1+ 44. Kd4 Qg1+ 45. Ke5 Qg4 46. Rd2 Qxh5
47. Rd8+ Kf7 48. Rd7+ Kf8 49. Rd8+ Kf7 50. Rd7+ Kf8 51. Rd8+ 1/2-1/2

[Event "SK Bocholt 1 - SC Klein-Berlin Rheine 1"]
[Site "Regionalliga 2017/2018"]
[Date "2017.09.02"]
[Round "1.6"]
[White "Gajic, Goran"]
[Black "Kornick, Ulrich"]
[Result "1-0"]
[WhiteElo "1946"]
[BlackElo "1919"]
[PlyCount "115"]
[EventDate "2017.??.??"]
[SourceTitle "Verband Muensterland"]
[SourceDate "2017.09.15"]
[SourceVersion "1"]
[SourceVersionDate "2017.09.15"]
[SourceQuality "1"]

1. d4 d5 2. Nf3 Nf6 3. g3 c5 4. Bg2 Nc6 5. O-O e6 6. c3 Bd6 7. a4 O-O 8. Nbd2
cxd4 9. cxd4 h6 10. Nb3 b6 11. Nfd2 Ba6 12. Re1 Rc8 13. e4 dxe4 14. Nxe4 Be7
15. Nc3 Nb4 16. a5 Bd3 17. Re2 Bxe2 18. Qxe2 Nfd5 19. axb6 axb6 20. Bd2 Bf6 21.
Qb5 Nc2 22. Ra4 Qe8 23. Qxe8 Rfxe8 24. Bxd5 exd5 25. Nxd5 Ne1 26. Nxf6+ gxf6
27. Bxh6 Rc2 28. d5 Nd3 29. Rg4+ Kh7 30. Be3 Rxb2 31. Nd4 Rb1+ 32. Kg2 Re5 33.
Rh4+ Kg8 34. Nc6 Ne1+ 35. Kh3 Nf3 36. Rg4+ Kf8 37. Bh6+ Ke8 38. Rg8+ Kd7 39.
Nxe5+ Nxe5 40. Bg7 Ke7 41. Rb8 Nd7 42. Rb7 Kd6 43. Kg4 Rd1 44. h4 Rxd5 45. f4
Kc6 46. Ra7 Rd1 47. h5 Rh1 48. h6 b5 49. Ra6+ Kc5 50. Bxf6 Nxf6+ 51. Rxf6 b4
52. Kg5 b3 53. Rxf7 b2 54. Rb7 b1=Q 55. Rxb1 Rxb1 56. h7 Rh1 57. Kg6 Kd6 58.
Kg7 1-0

[Event "SK Bocholt 1 - SC Klein-Berlin Rheine 1"]
[Site "Regionalliga 2017/2018"]
[Date "2017.09.02"]
[Round "1.7"]
[White "Averkamp-Peters, Jens"]
[Black "Böing, Frank"]
[Result "1-0"]
[WhiteElo "1908"]
[BlackElo "1821"]
[PlyCount "57"]
[EventDate "2017.??.??"]
[SourceTitle "Verband Muensterland"]
[SourceDate "2017.09.15"]
[SourceVersion "1"]
[SourceVersionDate "2017.09.15"]
[SourceQuality "1"]

1. e4 e6 2. d4 d5 3. e5 c5 4. c3 Nc6 5. Nf3 Qb6 6. Be2 Bd7 7. O-O Rc8 8. dxc5
Bxc5 9. b4 Bf8 10. Be3 Qc7 11. Nbd2 a6 12. Rc1 b5 13. a4 Nxe5 14. Nxe5 Qxe5 15.
Bd4 Qb8 16. f4 Nf6 17. Bd3 Bd6 18. g3 Qb7 19. Qe2 Bb8 20. Nb3 Ba7 21. Nc5 Bxc5
22. Bxc5 Ne4 23. Bxe4 dxe4 24. Qg4 g6 25. Qg5 Bc6 26. axb5 axb5 27. Ra1 Rc7 28.
Qe5 Rg8 29. Ra7 1-0

[Event "SK Bocholt 1 - SC Klein-Berlin Rheine 1"]
[Site "Regionalliga 2017/2018"]
[Date "2017.09.02"]
[Round "1.8"]
[White "Robeling, Stephan"]
[Black "Hauk, Viktor"]
[Result "0-1"]
[WhiteElo "1800"]
[BlackElo "1807"]
[PlyCount "74"]
[EventDate "2017.??.??"]
[SourceTitle "Verband Muensterland"]
[SourceDate "2017.09.15"]
[SourceVersion "1"]
[SourceVersionDate "2017.09.15"]
[SourceQuality "1"]

1. d4 Nf6 2. Nf3 d5 3. c4 c6 4. e3 Bf5 5. Nc3 e6 6. Bd3 Bxd3 7. Qxd3 Be7 8. Ne5
O-O 9. O-O Nbd7 10. f4 Qc7 11. Bd2 Rad8 12. c5 Nxe5 13. fxe5 Nd7 14. Ne2 Bg5
15. Rf3 f6 16. exf6 Nxf6 17. Be1 Ne4 18. Rxf8+ Rxf8 19. Nc3 Qf7 20. Nd1 Qf6 21.
Rc1 e5 22. dxe5 Qxe5 23. Rc2 Qe7 24. b4 Qf6 25. Nf2 Qa1 26. Qd1 Qf6 27. Qd3 Qa1
28. Qd1 Qe5 29. Qd3 Nxf2 30. Bxf2 Qa1+ 31. Qf1 Qxf1+ 32. Kxf1 Bxe3 33. Ke1
Bxf2+ 34. Rxf2 Rxf2 35. Kxf2 Kf7 36. Ke3 Kf6 37. Kd4 Kf5 0-1

[Event "SK Münster 2 - SK Münster 3"]
[Site "Regionalliga 2017/2018"]
[Date "2017.09.02"]
[Round "1.1"]
[White "Baumann, Stephan"]
[Black "Wieder, Heiner"]
[Result "1/2-1/2"]
[WhiteElo "2014"]
[BlackElo "2089"]
[PlyCount "94"]
[EventDate "2017.??.??"]
[SourceTitle "Verband Muensterland"]
[SourceDate "2017.09.15"]
[SourceVersion "1"]
[SourceVersionDate "2017.09.15"]
[SourceQuality "1"]

1. e4 Nf6 2. Nc3 d5 3. exd5 Nxd5 4. Bc4 Nb6 5. Bb3 Nc6 6. Nf3 Bf5 7. d4 e6 8.
O-O Be7 9. Bf4 O-O 10. h3 Na5 11. Re1 c5 12. dxc5 Qxd1 13. Raxd1 Bxc5 14. Ne4
Nxb3 15. axb3 Bb4 16. c3 Nd5 17. Be5 Ba5 18. Ra1 Bb6 19. Nd6 Bc2 20. Nd4 Bg6
21. Nxb7 f6 22. Bg3 e5 23. Nf3 Rab8 24. Na5 Rbc8 25. Nc4 Bc5 26. Nfd2 Rfd8 27.
Ne4 Bxe4 28. Rxe4 Nb6 29. Nxb6 Bxb6 30. b4 Rd3 31. Kf1 Rcd8 32. Ke1 R8d7 33. f3
Rd2 34. Re2 R2d3 35. Bf2 Bxf2+ 36. Kxf2 Kf7 37. Re3 Rd2+ 38. Re2 R2d3 39. Rc1
g5 40. c4 Rb3 41. b5 Ke6 42. Rcc2 Rc7 43. Red2 Rb4 44. c5 Rxb5 45. Rd6+ Ke7 46.
Ra6 h5 47. Ke3 Rbxc5 1/2-1/2

[Event "SK Münster 2 - SK Münster 3"]
[Site "Regionalliga 2017/2018"]
[Date "2017.09.02"]
[Round "1.2"]
[White "Müschenich, Stefan"]
[Black "Leder, Nils"]
[Result "1/2-1/2"]
[WhiteElo "2082"]
[BlackElo "1888"]
[PlyCount "112"]
[EventDate "2017.??.??"]
[SourceTitle "Verband Muensterland"]
[SourceDate "2017.09.15"]
[SourceVersion "1"]
[SourceVersionDate "2017.09.15"]
[SourceQuality "1"]

1. e4 c6 2. Nc3 d5 3. Qf3 dxe4 4. Nxe4 Nd7 5. d4 Ngf6 6. Bc4 Nb6 7. Bd3 Qxd4 8.
Ne2 Qd8 9. Bg5 Qc7 10. O-O-O Bd7 11. Bh4 Nxe4 12. Bxe4 e6 13. Bg3 Qc8 14. Be5
Nc4 15. Bc3 Qc7 16. Qd3 Nb6 17. f4 f6 18. Bxh7 O-O-O 19. Be4 Nd5 20. Bd2 Bd6
21. g3 f5 22. Bxd5 exd5 23. Bc3 Rh7 24. Nd4 g6 25. Nf3 Re8 26. Rhe1 Rhe7 27.
Be5 Bxe5 28. Rxe5 g5 29. Rxe7 Rxe7 30. Nxg5 Qd8 31. Qa3 a6 32. Nf3 Re2 33. Rd2
Qe8 34. Qd3 Re3 35. Qf1 Qe4 36. Rd3 d4 37. Kd1 c5 38. Nd2 Qe6 39. Rxe3 dxe3 40.
Nc4 Bb5 41. b3 Qd5+ 42. Qd3 Qh1+ 43. Ke2 Qxh2+ 44. Kxe3 Qxg3+ 45. Ke2 Qxf4 46.
Nb6+ Kb8 47. c4 Qe5+ 48. Kf2 Qh2+ 49. Kf1 Qh1+ 50. Ke2 Qg2+ 51. Kd1 Qh1+ 52.
Kc2 Qh2+ 53. Kb1 Qh1+ 54. Kc2 Qh2+ 55. Kb1 Qh1+ 56. Kc2 Qh2+ 1/2-1/2

[Event "SK Münster 2 - SK Münster 3"]
[Site "Regionalliga 2017/2018"]
[Date "2017.09.02"]
[Round "1.3"]
[White "Peters, Helmut"]
[Black "Austrup, David"]
[Result "1/2-1/2"]
[WhiteElo "2000"]
[BlackElo "1915"]
[PlyCount "70"]
[EventDate "2017.??.??"]
[SourceTitle "Verband Muensterland"]
[SourceDate "2017.09.15"]
[SourceVersion "1"]
[SourceVersionDate "2017.09.15"]
[SourceQuality "1"]

1. d4 Nf6 2. c4 g6 3. Nf3 Bg7 4. g3 O-O 5. Bg2 d6 6. O-O Nc6 7. Nc3 a6 8. e4
Bg4 9. h3 Bxf3 10. Bxf3 e5 11. d5 Nd4 12. Be3 Nd7 13. Bg2 c5 14. dxc6 bxc6 15.
Ne2 c5 16. Nc3 Rb8 17. Rb1 f5 18. Nd5 Nb6 19. Nxb6 Qxb6 20. Bxd4 cxd4 21. exf5
gxf5 22. Bd5+ Kh8 23. b4 e4 24. g4 e3 25. gxf5 Rxf5 26. fxe3 dxe3 27. Qe2 Rbf8
28. Rxf5 Rxf5 29. Rf1 Rxf1+ 30. Kxf1 Qd4 31. Qg4 Qd3+ 32. Qe2 Qd4 33. Qg4 Qd3+
34. Qe2 Qf5+ 35. Qf3 Qd3+ 1/2-1/2

[Event "SK Münster 2 - SK Münster 3"]
[Site "Regionalliga 2017/2018"]
[Date "2017.09.02"]
[Round "1.5"]
[White "Freise, Eckhard"]
[Black "Kaufhold, Thomas"]
[Result "0-1"]
[WhiteElo "1747"]
[BlackElo "2000"]
[PlyCount "72"]
[EventDate "2017.??.??"]
[SourceTitle "Verband Muensterland"]
[SourceDate "2017.09.15"]
[SourceVersion "1"]
[SourceVersionDate "2017.09.15"]
[SourceQuality "1"]

1. d4 Nf6 2. c4 g6 3. Nc3 Bg7 4. e4 d6 5. Nge2 O-O 6. Ng3 c5 7. d5 Na6 8. Be2
Nc7 9. h4 h5 10. Bg5 Rb8 11. a4 Bd7 12. Qd2 Kh7 13. f3 a6 14. Nf1 b5 15. axb5
axb5 16. Ne3 bxc4 17. Nxc4 Nb5 18. Nxb5 Bxb5 19. O-O Nd7 20. Rfb1 Bxc4 21. Bxc4
Rb4 22. Bf1 Nb6 23. Ra7 Nc8 24. Ra6 Qc7 25. b3 Qb7 26. Qa2 Bd4+ 27. Kh2 Rb6 28.
Ra8 e5 29. Bf6 Be3 30. g3 Bh6 31. Bh3 Kg8 32. Qa4 Rb4 33. Qc6 Na7 34. Rxf8+
Bxf8 35. Qe8 Qb8 36. Bd8 Rb7 0-1

[Event "SK Münster 2 - SK Münster 3"]
[Site "Regionalliga 2017/2018"]
[Date "2017.09.02"]
[Round "1.6"]
[White "Kubo, Thomas"]
[Black "Kamp, Adrian"]
[Result "1/2-1/2"]
[WhiteElo "1977"]
[BlackElo "1701"]
[PlyCount "47"]
[EventDate "2017.??.??"]
[SourceTitle "Verband Muensterland"]
[SourceDate "2017.09.15"]
[SourceVersion "1"]
[SourceVersionDate "2017.09.15"]
[SourceQuality "1"]

1. Nf3 Nf6 2. c4 c6 3. g3 g6 4. Bg2 Bg7 5. O-O O-O 6. Nc3 d5 7. cxd5 cxd5 8. d4
Ne4 9. Qb3 Nc6 10. Rd1 Na5 11. Qb4 Nxc3 12. Qxc3 Bf5 13. b3 Qb6 14. Ba3 Rac8
15. Qe3 Nc6 16. Bc5 Qa6 17. a4 b6 18. Ba3 Rfe8 19. Ne5 Nxe5 20. dxe5 Rc2 21.
Bf3 e6 22. Rac1 Rec8 23. g4 Rxc1 24. Rxc1 1/2-1/2

[Event "SK Münster 2 - SK Münster 3"]
[Site "Regionalliga 2017/2018"]
[Date "2017.09.02"]
[Round "1.7"]
[White "Toval, David"]
[Black "Emunds, Hans Georg"]
[Result "0-1"]
[WhiteElo "1725"]
[BlackElo "2100"]
[PlyCount "66"]
[EventDate "2017.??.??"]
[SourceTitle "Verband Muensterland"]
[SourceDate "2017.09.15"]
[SourceVersion "1"]
[SourceVersionDate "2017.09.15"]
[SourceQuality "1"]

1. e4 c5 2. c3 e5 3. Nf3 Nc6 4. d4 exd4 5. cxd4 cxd4 6. Nxd4 Nf6 7. Nc3 Bb4 8.
Nxc6 dxc6 9. Qxd8+ Kxd8 10. Bg5 h6 11. Bxf6+ gxf6 12. O-O-O+ Ke7 13. Kc2 Be6
14. a3 Bc5 15. f3 Rad8 16. Be2 h5 17. Rxd8 Rxd8 18. Rd1 Rxd1 19. Nxd1 f5 20. e5
h4 21. f4 Bg1 22. h3 Bh2 23. Nf2 Bxf4 24. Nd3 Be3 25. Ne1 Bd5 26. Bf3 Be4+ 27.
Nd3 Ke6 28. Kc3 Kd5 29. Kc2 Kd4 30. Bxe4 fxe4 31. Nc1 Bxc1 32. Kxc1 Ke3 33. Kc2
Kf2 0-1